プロ野球スピリッツA(プロスピA) 調子くん・ザ・ワールドのオリジナル変化球 - Statistics

General Stats
  • This quiz has been taken 19 times
  • The average score is 3 of 15
Answer Stats
国・地域名 変化 変化球名 % Correct
日本 ナックルカーブ系 サムライスラッシュ
69%
台湾 シンカー系 超高速真価
56%
韓国 ナックル系 幻惑魔球
56%
パナマ共和国 パーム系 カナルムーブ
25%
ドミニカ共和国 ツーシームファスト系 ブレイブダンス
25%
アメリカ ムービングファスト系 ソニックライジング
19%
コロンビア共和国 フォーク系 エスメラルダ
19%
カナダ スローカーブ系 フォーリンダウン
19%
ベネズエラ カットボール系 ブレードエッジ
13%
オーストラリア シンカー系 ドラゴンフィッシュ
13%
メキシコ シュート系 ライトニングアロー
6%
オランダ SFF系 バーニングハード
6%
プエルトリコ シンキングファスト系 レゲトンウェーブ
6%
キューバ スライダー系 ホライゾンアタック
6%
イスラエル スライダー系 グラウンドパレス
6%
No matching quizzes found
Score Distribution
Percent of People with Each Score
Percentile by Number Answered
Your Score History
You have not taken this quiz